Climate change: Uncertain science, certain controversy (Record no. 55691)

MARC details
000 -LEADER
fixed length control field 00289nam a2200109Ia 4500
100 ## - MAIN ENTRY--AUTHOR NAME
Personal name Balaram P.
245 #0 - TITLE STATEMENT
Title Climate change: Uncertain science, certain controversy
260 ## - PUBLICATION, DISTRIBUTION, ETC. (IMPRINT)
Name of publisher Current Science
Year of publication 2009
300 ## - PHYSICAL DESCRIPTION
Number of Pages 1397-1398
942 ## - ADDED ENTRY ELEMENTS (KOHA)
Koha item type Journals
Holdings
Withdrawn status Lost status Damaged status Not for loan Home library Current library Date acquired Serial Enumeration / chronology Koha item type
      Journals RRII Library RRII Library 25/01/2010 Volume 97, Issue 10 Journals